logo

Bir Sreshtho Munshi Abdur Rouf Library
Jhenaidah Cadet College

Islam and the Modern Muslim World / (Record no. 6333)

MARC details
000 -LEADER
fixed length control field 00592nam a22002297a 4500
001 - CONTROL NUMBER
JCCL Control Number 6333
003 - CONTROL NUMBER IDENTIFIER
JCCL marc code BD-JhCC
005 - DATE AND TIME OF LATEST TRANSACTION
control field 20210930134020.0
008 - FIXED-LENGTH DATA ELEMENTS--GENERAL INFORMATION
fixed length control field 180121b xxu||||| |||| 00| 0 eng d
020 ## - INTERNATIONAL STANDARD BOOK NUMBER
International Standard Book Number 0905906438
035 ## - SYSTEM CONTROL NUMBER
system control number (BD-JhCC)6333
040 ## - CATALOGING SOURCE
Original cataloging agency BD-JhCC
Modifying agency BD-JhCC
041 ## - LANGUAGE CODE
Language code of Book eng
082 ## - DEWEY DECIMAL CLASSIFICATION NUMBER
Classification number 297.1977
Author mark and Year CHO 1993
100 ## - MAIN ENTRY--PERSONAL NAME
Personal name Choudhury, G. W.
245 ## - TITLE STATEMENT
Title Islam and the Modern Muslim World /
Statement of responsibility, etc G. W. Choudhury
260 ## - PUBLICATION, DISTRIBUTION, ETC. (IMPRINT)
Place of publication, distribution, etc London :
Name of publisher, distributor, etc Scorpion Publishing Ltd,
Date of publication, distribution, etc 1993.
300 ## - PHYSICAL DESCRIPTION
Pagination 240 p. :
Dimensions 22 cm.
650 ## - SUBJECT ADDED ENTRY--TOPICAL TERM
Topical term or geographic name as entry element Islam and state
942 ## - ADDED ENTRY ELEMENTS (KOHA)
Source of classification or shelving scheme Dewey Decimal Classification
Koha item type Books
Koha issues (borrowed), all copies 5
Holdings
Source of classification or shelving scheme Damaged status Not for loan Home library Current library Shelving location Date of accession Total Checkouts Full call number Barcode Date last seen Date checked out Copy number Koha item type
Dewey Decimal Classification     JCC Rouf Library JCC Rouf Library General Stacks 05/13/2024 4 297.1977 CHO 1993 635 06/05/2024 05/13/2024 C - 1 Books

JCC Library | Contacts | JCC Home

Last Update on 23 September 2017
Copyright @ 2017-2020 JCC Rouf Library
Rouf Library, Jhenidah Cadet College (JCC), Bangladesh